000 00443nam a2200169Ia 4500
003 GCL
040 _aGCL /
_cGCL
082 0 4 _a953.02
_bS A
100 1 _aSEZGIN, URSULA
245 1 0 _aABU MIHNAF: EIN BEITRAG ZUR HISTORGRAPHIE DER UMAIYADISCHEM ZEIT /
_cSEZGIN, URSULA
260 _a[S.N] :
_bE. J. BRILL ،
_c1971
300 _a251 P
650 0 4 _aABU MIHANAF
650 0 4 _aUMMAYAH PERIOD
650 0 4 _aISLAM - HISTORY
942 _2ddc
_cBK
999 _c12310
_d12310